000 00340 a2200157 4500
001 179872
020 _a
040 _cMagnum
100 _aFiuza, Elza
240 1 0 _aDona galinha e seus pintinhos
_lpor
245 1 0 _aDona galinha e seus pintinhos
362 0 _a1899
440 1 _aModerna
697 _aMAGNITO: I/POESIA
942 _cBK
999 _c179872
_d179872